Culture Générale - Série 1514 - Statistiques

Statistiques générales
  • Ce quiz a été pris 118 fois
  • Le résultat moyen est 5 sur 10
Statistiques - réponses
Question Réponse % Correct
Quelle vitamine a permis d'éradiquer le scorbut ? vitamine C
97%
Jusqu'en quelle année Charles de Gaulle fut-il président de la République ? 1969
89%
Qui était Henri lV par rapport à Louis XlV ? grand-père
75%
Si je suis paralysé du côté gauche, je suis.. hémiplégique
68%
Situé entre l'Europe et l'Asie mineure le détroit du Bosphore relie la mer de Marmara à la mer noire
67%
Contre quelle équipe le footballeur argentin Diego Maradona a t'il fait la main de Dieu, au Mondial 1986 ? Angleterre
35%
La quantité de chaleur dégagée par un système électrique se mesure en ... joules
33%
Qui utilise sa barque pour faire traverser les fleuves aux morts contre une obole ? Charon
31%
L'ophiophobie (ou ophidiophobie) est une phobie spécifique qui consiste en la peur excessive des ... serpents
11%
Quelle est la monnaie utilisée en Afghanistan ? afghani
5%
Aucun quiz correspondant
Distribution des résultats
% des personnes avec chaque résultat
Percentile par nombre de réponses
Votre historique - résultats
Vous n’avez pas pris ce quiz